Shihon shugi keizai keikaku to shakai shugi keizai keikaku /

Saved in:
Bibliographic Details
Main Author: Yamada, Yūzō, 1902-
Format: Book
Language:Japanese
Published: Tōkyō : Yūhikaku, Shōwa 23 [1948]
Edition:Shohan.
Series:Keizaigaku sensho.
Subjects:
Tags: Add Tag
No Tags, Be the first to tag this record!
LEADER 01105nam a22003257a 4500
001 007745691-2
005 20024617115958.0
008 890413s1948 ja b 000 0 jpn
010 |a 89801369 /AJ 
035 0 |a ocm19812200 
040 |a DLC  |c DLC  |d *YNH*  |d CStRLIN 
100 1 |6 880-01  |a Yamada, Yūzō,  |d 1902- 
245 1 0 |6 880-02  |a Shihon shugi keizai keikaku to shakai shugi keizai keikaku /  |c Yamada Yūzō cho. 
250 |6 880-03  |a Shohan. 
260 |6 880-04  |a Tōkyō :  |b Yūhikaku,  |c Shōwa 23 [1948] 
300 |a 5, 4, 267 p. ;  |c 21 cm. 
490 1 |6 880-05  |a Keizaigaku sensho 
504 |a Includes bibliographical references. 
650 0 |a Economic policy. 
650 0 |a Capitalism. 
650 0 |a Socialism. 
880 1 |6 100-01  |a 山田雄三,  |d 1902- 
880 1 0 |6 245-02  |a 資本主義經濟計畫と社會主義經濟計畫 /  |c 山田雄三著. 
880 |6 250-03  |a 初版. 
880 |6 260-04  |a 東京 :  |b 有斐閣,  |c 昭和 23 [1948] 
880 1 |6 490-05  |a 經濟學選書 
830 0 |6 880-55  |a Keizaigaku sensho. 
880 0 |6 830-55  |a 經濟學選書. 
988 |a 20021214 
906 |0 DLC